000 00453nam a2200145Ia 4500
003 OSt
005 20260123143242.0
008 211028s2016 xx 000 0 und d
040 _cAIMIT LIBRARY
041 _aeng
100 _aMareeya, Sandra; D Souza, Rayan.
_g1416126
_97545
245 _aStudy on the financial performance of panathady service co operative bank poodamkallu Kerala /
260 _aMangalore
_bRayan D Souza.
_c2016
942 _2ddc
_cPRO
999 _c219113
_d219113